Statistics for Countries by Largest Area of Capital City

Click here to take the quiz!

General Stats

  • This quiz has been taken 14 times
  • The average score is 4 of 10

Answer Stats

Area (Km²)Answer% Correct
16 410China
83%
24 521Turkey
83%
5 802Brazil
75%
3 085Egypt
50%
4 704Mongolia
33%
22 142Sudan
33%
3 500Ivory Coast
17%
7 054Myanmar
17%
5 133Namibia
17%
10 989Tanzania
8%

Score Distribution

Percentile by Number Answered

Percent of People with Each Score

Your Score History

You have not taken this quiz